| 000 | 00365nam a2200121 4500 | ||
|---|---|---|---|
| 999 |
_c14349 _d14349 |
||
| 008 | 190913b ||||| |||| 00| 0 eng d | ||
| 100 |
_939576 _aNewman, Minerva BC. |
||
| 245 |
_a21 compete in TESDA skills competition/ _cMinerva BC Newman. |
||
| 260 |
_aPhilippines: _bManila Bulletin; _cc2019. |
||
| 300 | _apage 7. | ||
| 650 | 0 |
_939577 _aEducation. |
|
| 942 |
_2ddc _cPER |
||